LDR 00628nam a2200169 i 4500 001 000000205314 003 CaOOAMICUS 005 20110819000000.0 008 110819s1836 it u000 u mul u 013 $a184051 040 $aSeMil$bita 245 10$aItaliano-tedesco [Parte 1]. 300 $a454 p. 773 0 $tDeutsch-Italienisches und Italienisch-Deutsches Handwörterbuch.$dMailand : Gedruckt und im Verlag bei Pirotta e C., 1836.$g2$w()25340 850 $aSeMil 852 $aSeMil$W1$xVenegono$y1$m1O III 42 FA$j155808$B155808$CSeMilBibl$Z2$F167157 $8I 996 $6245$aItaliano-tedesco [Parte 1]$9(OLS)http://semarc/title/297170